| 000 | 00685nam a22002417a 4500 | ||
|---|---|---|---|
| 003 | UA-OsUOA | ||
| 001 | 20435 | ||
| 007 | ta | ||
| 008 | 20031029b un ||||| |||| 00| 0 ukr d | ||
| 100 | _aОбручев В. А. | ||
| 090 |
_a910.5(5) _bО-23 |
||
| 942 | _cBK | ||
| 040 |
_aUA-OsUOA _brus _cUA-OsUOA _dUA-OsUOA |
||
| 245 |
_aВ дебрях Центральной Азии _bЗаписки кладоискателя |
||
| 300 |
_a320 с. _bІлюстрації |
||
| 955 | _a0 | ||
| 041 | _arus | ||
| 080 | _a910.5(5) | ||
| 260 |
_aМосква _bГосиздат географической литературы _c1951 |
||
| 044 | _aUA | ||
| 650 | 7 | _2UDC | |
| 999 |
_c306612 _d306612 |
||